Women in contemporary India (Record no. 1450063)

MARC details
000 -LEADER
fixed length control field 00536nam a2200193Ia 4500
005 - DATE AND TIME OF LATEST TRANSACTION
control field 20250923145328.0
008 - FIXED-LENGTH DATA ELEMENTS--GENERAL INFORMATION
fixed length control field 008 250917s9999 xx 000 0 eng d
037 ## - SOURCE OF ACQUISITION
Stock number Textual
040 ## - CATALOGING SOURCE
Original cataloging agency DSWL
Language of cataloging eng
Transcribing agency DSWL
041 ## - LANGUAGE CODE
Language code of text/sound track or separate title eng
Source of code eng
084 ## - COLON CLASSIFICATION NUMBER
Classification number Y15-5x2, N75
Assigning agency DSWL
245 #0 - TITLE STATEMENT
Title Women in contemporary India
Statement of responsibility, etc. by Alfred De Souza
260 ## - PUBLICATION, DISTRIBUTION, ETC.
Name of publisher, distributor, etc. Manchar Book Service
Date of publication, distribution, etc. 1975
300 ## - PHYSICAL DESCRIPTION
Extent xxvi,264p.
365 ## - TRADE PRICE
Price type code INR
Price amount 55 . 0
925 ## -
-- 55 . 0
942 ## - ADDED ENTRY ELEMENTS (KOHA)
Koha item type Textual
Classification part Y15-5x2, N75
Holdings
Withdrawn status Lost status Damaged status Not for loan Home library Current library Date acquired Source of acquisition Inventory number Total Checkouts Full call number Barcode Date last seen Price effective from Koha item type
        Department of Social Work Library Department of Social Work Library 2025-09-23 Marwah Book Agency 1525 18/12/1975   Y15-5x2, N75 SW0017397 2025-09-23 2025-09-23 Textual
Copyright @ Delhi University Library System